| 000 | 00841nam a2200217 i 4500 | ||
|---|---|---|---|
| 001 | 117558 | ||
| 003 | ES-MaACL | ||
| 005 | 20250730230750.0 | ||
| 007 | t| | ||
| 008 | 070214s1927 sp r ||||1| cat d | ||
| 100 | 0 |
_aPedro, _cInfante de Aragón, _d1305-1380 _9171505 |
|
| 245 | 1 | 3 |
_aEl tractat "De regimine principum" de l'Infant Fra Pere d'Aragó / _c[edició y comentari de] Ferran Valls i Taberner. |
| 260 |
_aBarcelona : _bEditorial Franciscana, _c1927 ( _fImp. Altés) |
||
| 300 |
_a64 p. ; _c24 cm. |
||
| 595 | _aSeparata de: "Estudis fanciscans", v. 37, p. 271-287, 432-450 ; v. 38, p. 107-119 y 199-209. | ||
| 650 |
_aEducación de príncipes- _vObras anteriores a 1800. _9141555 |
||
| 700 | 1 |
_aValls i Taberner, Ferran. _9112942 |
|
| 740 | 0 | 2 | _aDe regimine principum. |
| 852 |
_aES-MaACL _j1758-F-7 |
||
| 999 |
_c117558 _d117558 |
||